| 000 | 01129cab a22002055a 4500 | ||
|---|---|---|---|
| 001 | L145210 | ||
| 008 | 080916e20080912enkado f s 000 0 eng d | ||
| 035 | _a(Sirsi) u145210 | ||
| 041 | 0 | _aeng | |
| 100 | 1 | _aLane, Thomas | |
| 245 | 0 | 4 | _aThe painful upbringing of building schools for the future |
| 260 | _c2008 | ||
| 490 |
_aBuilding _v273(8546) 12 September 2008, 38-44(7) |
||
| 520 | _aThe first in a series of six articles on school developments (see other articles under references L145344, L145345, L145349, L145354, L145360). Reports current progress to the Building Schools for the Future (BSF) governmental programme. Shows that the aim is to improve the quality of project by having the Commission for Architecture and the Built Environment involved during the design process, and increase the speed of school development and delivery. Lists the 30 best BSF contractors and the 89 schools still open to bids. | ||
| 590 | _aKA | ||
| 650 | 2 | 4 | _aBUILDING SCHOOLS FOR THE FUTURE |
| 651 | 4 |
_aEngland _y886- |
|
| 690 | _aBUILT ENVIRONMENT-BUILDING TYPES-EDUCATIONAL, INFORMATION AND SCIENTIFIC FACILITIES | ||
| 942 | _n0 | ||
| 999 |
_c80730 _d80730 |
||